| 000 | 01254nam a2200325Ia 4500 | ||
|---|---|---|---|
| 001 | ebr10256931 | ||
| 003 | CaPaEBR | ||
| 006 | m u | ||
| 007 | cr cn||||||||| | ||
| 008 | 030113s2002 enk sb 001 0 eng d | ||
| 020 | _z9781412906876 | ||
| 040 |
_aCaPaEBR _cCaPaEBR |
||
| 035 | _a(OCoLC)297232487 | ||
| 050 | 1 | 4 |
_aHF5415.2 _b.I46 2002eb |
| 100 | 1 | _aImms, Mike. | |
| 245 | 1 | 3 |
_aAn introduction to qualitative market research _h[electronic resource] / _cMike Imms and Gill Ereaut. |
| 246 | 3 | 0 | _aQualitative market research |
| 246 | 3 | 0 | _aMarket research |
| 260 |
_aLondon ; _aThousand Oaks, CA : _bSage, _c2002. |
||
| 300 | _axv, 136 p. | ||
| 490 | 0 |
_aQualitative market research ; _v1 |
|
| 504 | _aIncludes bibliographical references (p. [130]-132) and index. | ||
| 533 |
_aElectronic reproduction. _bPalo Alto, Calif. : _cebrary, _d2009. _nAvailable via World Wide Web. _nAccess may be limited to ebrary affiliated libraries. |
||
| 650 | 0 | _aMarketing research. | |
| 650 | 0 | _aQualitative research. | |
| 655 | 7 |
_aElectronic books. _2local |
|
| 700 | 1 | _aEreaut, Gill. | |
| 710 | 2 | _aebrary, Inc. | |
| 856 | 4 | 0 |
_uhttp://site.ebrary.com/lib/rucke/Doc?id=10256931 _zAn electronic book accessible through the World Wide Web; click to view |
| 999 |
_c13453 _d13453 |
||